Cajal / (Record no. 58304)

MARC details
000 -LEADER
campo de control de longitud fija 00869nam a2200241 i 4500
001 - NÚMERO DE CONTROL
campo de control 58304
003 - IDENTIFICADOR DE NÚMERO DE CONTROL
campo de control ES-MaACL
005 - FECHA Y HORA DE LA ÚLTIMA TRANSACCIÓN
campo de control 20231228173418.0
007 - CAMPO FIJO DE DESCRIPCIÓN FÍSICA--INFORMACIÓN GENERAL
campo de control de longitud fija t|
008 - DATOS DE LONGITUD FIJA--INFORMACIÓN GENERAL
campo de control de longitud fija 031021s1983 sp ||||1| spa d
100 1# - ENTRADA PRINCIPAL--NOMBRE DE PERSONA
Nombre de persona Durán Muñoz, García.
9 (RLIN) 46230
245 10 - MENCIÓN DEL TÍTULO
Título Cajal /
Mención de responsabilidad, etc. García Durán Muñoz, Francisco Alonso Burón ; prólogo, Pedro Laín ; epílogo, Severo Ochoa.
250 ## - MENCION DE EDICION
Mención de edición 2ª ed.
260 ## - PUBLICACIÓN, DISTRIBUCIÓN, ETC.
Lugar de publicación, distribución, etc. Barcelona :
Nombre del editor, distribuidor, etc. Científico Médica,
Fecha de publicación, distribución, etc. [1983]
300 ## - DESCRIPCIÓN FÍSICA
Extensión 2 v. ;
Dimensiones 22 cm.
505 8# - NOTA DE CONTENIDO CON FORMATO
Nota de contenido con formato Contiene: V. I: Vida y Obra. -- V. II: Santiago Ramón y Cajal : escritos inéditos
600 14 - PUNTO DE ACCESO ADICIONAL DE MATERIA--NOMBRE DE PERSONA
Nombre de persona Ochoa, Severo,
Fechas asociadas al nombre 1905-1993
9 (RLIN) 86482
700 1# - ENTRADA AGREGADA--NOMBRE PERSONAL
Nombre de persona Alonso Burón, Francisco.
9 (RLIN) 20267
700 1# - ENTRADA AGREGADA--NOMBRE PERSONAL
Nombre de persona Laín Entralgo, Pedro,
Fechas asociadas al nombre 1908-2001
9 (RLIN) 69681
700 1# - ENTRADA AGREGADA--NOMBRE PERSONAL
Nombre de persona Ochoa, Severo,
Fechas asociadas al nombre 1905-1993
9 (RLIN) 86482
852 ## - LOCALIZACIÓN
Ubicación ES-MaACL
Número de control de estantería L-4819-20
Sublocalización o colección R.105454
Holdings
Estatus retirado Estado de pérdida Estado de daño No para préstamo Biblioteca de origen Biblioteca actual Ubicación en estantería Fecha de adquisición Fuente de adquisición Total de préstamos Signatura topográfica completa Código de barras Visto por última vez Precio de reemplazo Tipo de ítem Koha
        Biblioteca del Ateneo de Madrid Biblioteca del Ateneo de Madrid Depósito 2 17/01/2008     L-4819-20 1061180 23/02/2023 23/02/2023 Libro impreso